00707nam a2200205Ia 4500003000900000008004100009020001800050040001600068080001200084100002200096245011800118260004100236300001400277490002300291650001800314650004100332942000700373999001700380952010400397IN-BaIIA211028s9999 xx 000 0 eng d a0-19-855706-X cIIA Library a52bSHU aShu, F. H.912475 4aThe physical universeban introduction to astronomycF. H. Shu  aCaliforniabUniversity Sciencec1982 axi, 584p. aBooks in astronomy aAstronomy980 aAstronomy and astrophysics thesaurus cBK c10049d10049 00104070aBANbBANcGENd0000-00-00l6m2o52/ SHUp10959r2025-12-02s2025-12-02w0000-00-00yBK